Геология и петрология интрузивных траппов Сибирской платформы

Bibliographische Detailangaben
Körperschaft: Академия наук СССР Сибирское отделение Якутский филиал Институт геологии
Weitere Verfasser: Виленский А. М. Аркадий Михайлович (редактор)
Sprache:Russisch
Veröffentlicht: Москва, Наука, 1970
Schlagworte:
Format: MixedMaterials Buch
KOHA link:https://koha.lib.tpu.ru/cgi-bin/koha/opac-detail.pl?biblionumber=123225

MARC

LEADER 00000nam0a2200000 4500
001 123225
005 20231101215808.0
035 |a (RuTPU)RU\TPU\book\133401 
090 |a 123225 
100 |a 20071012d1970 km y0rusy50 ca 
101 0 |a rus 
102 |a RU 
105 |a a z 001zy 
200 1 |a Геология и петрология интрузивных траппов Сибирской платформы  |f Академия наук СССР, Сибирское отделение, Якутский филиал, Институт геологии ; под ред. А. М. Виленского 
210 |a Москва  |c Наука  |d 1970 
215 |a 241 с.  |c ил. 
320 |a Библиогр.: с. 233-241. 
610 1 |a геология 
610 1 |a петрология 
610 1 |a траппы 
610 1 |a интрузивные породы 
610 1 |a Сибирская платформа 
675 |a 552.31/33  |v 3 
702 1 |a Виленский  |b А. М.  |g Аркадий Михайлович  |4 340 
712 0 2 |a Академия наук СССР  |b Сибирское отделение  |b Якутский филиал  |b Институт геологии  |c (Якутск)  |2 stltpush  |3 (RuTPU)RU\TPU\col\8181  |9 24491 
801 1 |a RU  |b 63413507  |c 20071012  |g PSBO 
801 2 |a RU  |b 63413507  |c 20080707  |g PSBO 
942 |c BK